Искусство фотографии, Учебное пособие для студентов вузов
| Autor principal: | |
|---|---|
| Altres autors: | |
| Sumari: | Книга находится в премиум-версии платформы «Русский как иностранный». В учебном пособии рассмотрены особенности разнообразных фотографических приемов при создании фотоизображений. Проанализированы различные приемы и способы создания фотографии. Представлено творчество известных фотографов, которые используют необычные приемы и способы создания фотоизображений. Пособие содержит большое количество иллюстративного материала известных фотографов и методический материал Института графического дизайна, собранный доц. А. С. Савельевой за последние 10 лет. В работе представлен авторский фотоархив и проекты доц. А. С. Савельевой. Предназначено студентам высших ученых заведений, обучающимся по направлению подготовки 54.03.01 – Бакалавр, графический дизайн, и профессионалам, работающим в области графического дизайна и фотографии. Гарантированный срок размещения на платформе до 04.02.2031 (автопролонгация) |
| Publicat: |
Санкт-Петербург, Санкт-Петербургский государственный университет промышленных технологий и дизайна, 2019
|
| Edició: | Искусство фотографии |
| Matèries: | |
| Accés en línia: | Перейти к просмотру издания |
| Format: | Electrònic |
MARC
| LEADER | 00000 a2200000 4500 | ||
|---|---|---|---|
| 001 | RU/ROS-EDU.RU/102625 | ||
| 856 | 4 | |u https://www.ros-edu.ru/book?id=102625 |z Перейти к просмотру издания | |
| 010 | |a 978-5-7937-1801-1 | ||
| 205 | |a Искусство фотографии |b 2031-02-04 | ||
| 333 | |a Гарантированный срок размещения на платформе до 04.02.2031 (автопролонгация) | ||
| 100 | |a 20190101d2019 |||y0rusy0250 |s 2031-02-04 | ||
| 105 | |a y z 000zy | ||
| 101 | 0 | |a rus | |
| 102 | |a RU | ||
| 200 | 1 | |a Искусство фотографии |b Электронный ресурс |e Учебное пособие для студентов вузов |f А. С. Савельева, А. А. Пацукевич | |
| 700 | 1 | |b А. С. |a Савельева |4 070 | |
| 701 | 1 | |b А. А. |a Пацукевич |4 070 | |
| 330 | |a В учебном пособии рассмотрены особенности разнообразных фотографических приемов при создании фотоизображений. Проанализированы различные приемы и способы создания фотографии. Представлено творчество известных фотографов, которые используют необычные приемы и способы создания фотоизображений. Пособие содержит большое количество иллюстративного материала известных фотографов и методический материал Института графического дизайна, собранный доц. А. С. Савельевой за последние 10 лет. В работе представлен авторский фотоархив и проекты доц. А. С. Савельевой. Предназначено студентам высших ученых заведений, обучающимся по направлению подготовки 54.03.01 – Бакалавр, графический дизайн, и профессионалам, работающим в области графического дизайна и фотографии. | ||
| 210 | |a Санкт-Петербург |c Санкт-Петербургский государственный университет промышленных технологий и дизайна |d 2019 | ||
| 610 | 1 | |a искусство | |
| 610 | 1 | |a фотография | |
| 610 | 1 | |a фотографический прием | |
| 610 | 1 | |a трикотажное полотно | |
| 610 | 1 | |a фризлайт | |
| 610 | 1 | |a фотоизображение | |
| 675 | |a 77 | ||
| 686 | |a 85.1 |2 rubbk | ||
| 300 | |a Книга находится в премиум-версии платформы «Русский как иностранный». | ||
| 215 | |a 104 с. | ||